000 00877nam a22002297a 4500
008 240706b mp ||||| |||| 00| 0 mon d
020 _a999785406-3
035 _a22676
040 _aBH0164090
_bmon
_cMN-UlNLM
_dMN-UlNLM
_erda
041 _amon
042 _a98476
084 _2NNA
_a82.3/0/
_bЛ.59
100 _aЛиндгрен А.
245 0 _aДээвэр дээр суудаг Карлсон
264 _aУлаанбаатар
_bМир ном
_c2017
300 _a142х.
336 _2rdacontent
_atext
_btxt
337 _2rdamedia
_aunmediated
_bn
338 _2rdacarrier
_avolume
_bnc
650 _aДээвэр дээр суудаг Карлсон дээвэр дээр суудаг карлсон эргэж ирлээ, дээвэр дээр суудаг карлсон дахин дүрсгүйтэв Гарчиг: Карлсо...
942 _2NNA
_cBK
999 _c1120564
_d1120621